| 000 | 01580nam a2200229Ia 4500 | ||
|---|---|---|---|
| 003 | Ost | ||
| 005 | 20260507075011.0 | ||
| 008 | 260507s9999||||xx |||||||||||||| ||und|| | ||
| 020 | _a9774220919 | ||
| 040 | _cfsecg | ||
| 041 | _aara | ||
| 082 | _a658.8 | ||
| 100 |
_aأبو النجا، محمد عبد العظيم _eمؤلف |
||
| 245 | 0 |
_aالتسويق المتقدم / _c محمد عبد العظيم أبو النجا |
|
| 260 |
_aالاسكندرية: _bالدار الجامعية, _c2008 |
||
| 300 |
_a438 صفحة؛ _c24 سم |
||
| 504 | _aبيبليوغرافيا: ص. 435 | ||
| 520 | _aتجد في هذا الكتاب بناء الاعمال الرابعة من خلال رؤية تسويقية/ادارة العلاقات مع العملاء و التحديات التسويقية في الالفية الجديدة، تنمية و تطوير المنتجات الجديدة، تسويق الخدمات و التسويق في المنظمات غير الهادفة للربح/التسويق الداخلي/التسويق العالي/التسويق و المجتمع المسئولية الاجتماعية و القضايا الاخلاقية في التسويق،التسويق و خلق الميزة التنافسية، التسويق في العصر الرقمي، التسويق الالكتروني، التخطيط و التنظيم بغرض الوصول إلى تسويق أكثر فاعلية، الرقابة على وتقييم الاداء التسويقي. | ||
| 653 | _aالاستهلاك | ||
| 653 | _aالتسويق | ||
| 942 | _cكتاب | ||
| 999 |
_c42157 _d42157 |
||